000 00382nam a2200109Ia 4500
008 171211s9999 xx 000 0 und d
245 4 _aThe Art of Throwing. The Definitive Guide to Thrown Weapons Techniques
245 _cBenjamin Pang Jeng Lo, Cheng Man Ch'Ing, and Martin Inn
260 _c2010
650 _xMartial Arts
856 _uhttp://down.ebook777.com/055/9780938190455.pdf
999 _c348233
_d348233